[Event "38th ECC Open 2023"]
[Site "Durres ALB"]
[Date "2023.10.06"]
[Round "6.13"]
[Board "4"]
[White "Barkhagen, Jonas"]
[Black "Veljanoski, Andrej"]
[Result "1/2-1/2"]
[WhiteTitle "IM"]
[BlackTitle "FM"]
[WhiteElo "2425"]
[BlackElo "2261"]
[WhiteTeam "SK Rockaden"]
[BlackTeam "Gambit Asseco-SEE"]
[WhiteFideId "1700855"]
[BlackFideId "15003604"]
[EventDate "2023.10.01"]

1. d4 d5 2. c4 e6 3. Nc3 Nf6 4. cxd5 exd5 5. Bg5 c6 6. e3 h6 7. Bh4 Be7 8. Bd3
O-O 9. Nf3 Re8 10. Bxf6 Bxf6 11. b4 Bg4 12. O-O a5 13. b5 c5 14. Be2 Be6 15. Rc1
Nd7 16. dxc5 Nxc5 17. Nd4 Qb6 18. Nxe6 fxe6 19. Na4 Nxa4 20. Qxa4 d4 21. exd4
Rad8 22. Qc2 Bxd4 23. a4 Qd6 24. Qg6 Rf8 25. Bc4 Rf6 26. Qe4 b6 27. Rce1 Qc5 28.
Bxe6+ Kh8 29. Re2 Bxf2+ 30. Kh1 Bh4 31. Rb1 Rdf8 32. g3 Bg5 33. Bb3 Bc1 34. Qd5
Rf1+ 35. Kg2 R1f2+ 36. Rxf2 Qxf2+ 37. Kh3 Qf1+ 38. Kg4 Qe2+ 39. Kh3 Qf1+ 40. Kg4
Qe2+ 41. Kh3 Bg5 42. Bc4 Qh5+ 43. Kg2 Rd8 44. Qe4 Rd2+ 45. Kf1 Qh3+ 46. Ke1 Qd7
47. Be2 Rd6 48. Bg4 Qd8 49. Qf3 Rd3 50. Qf5 Rd5 51. Qc8 Qxc8 52. Bxc8 g6 53. Rd1
Rxd1+ 1/2-1/2

[Event "38th ECC Open 2023"]
[Site "Durres ALB"]
[Date "2023.10.06"]
[Round "6.13"]
[Board "5"]
[White "Zlatkov, Anton"]
[Black "Kenneskog, Theodor"]
[Result "1/2-1/2"]
[BlackTitle "FM"]
[WhiteElo "2198"]
[BlackElo "2335"]
[WhiteTeam "Gambit Asseco-SEE"]
[BlackTeam "SK Rockaden"]
[WhiteFideId "15005402"]
[BlackFideId "1715011"]
[EventDate "2023.10.01"]

1. Nf3 d5 2. g3 c5 3. Bg2 Nc6 4. O-O e5 5. d3 Be7 6. e4 d4 7. Na3 h5 8. Nc4 Qc7
9. c3 Be6 10. cxd4 cxd4 11. Qa4 f6 12. Bd2 Rb8 13. Na5 Qd7 14. Nxc6 bxc6 15. Qc2
g5 16. h4 g4 17. Nh2 Nh6 18. Rfc1 c5 19. b3 Kf7 20. Rf1 Kg7 21. Qd1 Ra8 22. f3
gxf3 23. Bxf3 Ng4 24. Nxg4 hxg4 25. Bg2 a5 26. a4 Ra6 27. Rb1 Rb8 28. Qe2 Rab6
29. Rf5 Bxf5 30. exf5 Qxf5 31. Rf1 Qh5 32. Be4 Rh8 33. Bd5 Ra6 34. Bc4 Ra7 35.
Be6 Kf8 36. Qe4 Kg7 37. Rf5 Qg6 38. Qc6 Qe8 39. Qe4 Qg6 40. Qc6 Qe8 41. Qe4 Qg6 1/2-1/2

[Event "38th ECC Open 2023"]
[Site "Durres ALB"]
[Date "2023.10.06"]
[Round "6.13"]
[Board "6"]
[White "Bator, Robert"]
[Black "Andonovski, Ljubisa"]
[Result "1/2-1/2"]
[WhiteTitle "IM"]
[BlackTitle "FM"]
[WhiteElo "2342"]
[BlackElo "2268"]
[WhiteTeam "SK Rockaden"]
[BlackTeam "Gambit Asseco-SEE"]
[WhiteFideId "1700405"]
[BlackFideId "15000427"]
[EventDate "2023.10.01"]

1. e4 c6 2. d4 d5 3. e5 Bf5 4. Nf3 e6 5. Be2 Ne7 6. O-O h6 7. a4 Nd7 8. a5 a6 9.
b4 Bh7 10. Nbd2 Ng6 11. c3 Nf4 12. Nb3 Nxe2+ 13. Qxe2 Be7 14. Ne1 O-O 15. Nd3 b6
16. axb6 Qxb6 17. Ndc5 Nxc5 18. dxc5 Qb5 19. Qxb5 axb5 20. Bf4 g5 21. Bg3 d4 22.
Nxd4 Be4 23. f3 Bd5 24. h3 h5 25. Kf2 Kh7 26. Bh2 Kg6 27. Nc2 f5 28. f4 gxf4 29.
Bxf4 h4 30. Rxa8 Rxa8 31. Ra1 Rxa1 32. Nxa1 Bg5 33. g3 hxg3+ 34. Kxg3 Bd8 35.
Nc2 Kh5 36. Kf2 Bh4+ 37. Ke3 Bd8 38. Kf2 Kh4 39. Ne3 Be4 40. c4 bxc4 41. Nxc4
Kxh3 42. Nd6 Bd5 43. b5 cxb5 44. Nxb5 Bh4+ 45. Ke3 Kg2 46. Nc7 Bf2+ 47. Kd2 Bxc5
48. Nxd5 exd5 49. Bg5 Kg3 50. e6 f4 51. e7 Bxe7 52. Bxe7 d4 1/2-1/2

[Event "38th ECC Open 2023"]
[Site "Durres ALB"]
[Date "2023.10.06"]
[Round "6.14"]
[Board "1"]
[White "Baskin, Robert"]
[Black "Michalik, Peter"]
[Result "0-1"]
[WhiteTitle "IM"]
[BlackTitle "GM"]
[WhiteElo "2451"]
[BlackElo "2576"]
[WhiteTeam "CE Gambit Bonnevoie"]
[BlackTeam "SK Javes Modra"]
[WhiteFideId "24662402"]
[BlackFideId "14907526"]
[EventDate "2023.10.01"]

1. e4 c6 2. d4 d5 3. e5 Bf5 4. Nf3 e6 5. Be2 Nd7 6. O-O a5 7. a4 f6 8. Be3 Qc7
9. Nbd2 fxe5 10. dxe5 Nxe5 11. Nd4 Nf6 12. h3 h5 13. Nxf5 exf5 14. Nb3 Bd6 15.
Nd4 Qd7 16. f4 Ng6 17. Nb5 Be7 18. Bd4 h4 19. Bxf6 Bxf6 20. Nd4 O-O 21. c3 Rae8
22. Bh5 Kh7 23. Qd2 Kh6 24. Bxg6 Kxg6 25. Rae1 Re4 26. Rxe4 dxe4 27. Qe3 Rd8 28.
Nb3 Qd5 29. Qb6 Rd7 30. Nc1 Be7 31. Kh1 Bc5 32. Qb3 Be3 33. c4 Qc5 34. Ne2 b6
35. Rd1 Bd2 36. Qc2 Qe3 37. c5 Qxe2 38. cxb6 c5 39. b7 Rxb7 40. Qxd2 Qxd2 41.
Rxd2 c4 42. Kg1 Kf6 43. Rd6+ Ke7 44. Rc6 Rb4 45. Rc5 Kd6 0-1